000 00331nam a2200133Ia 4500
008 151001s9999||||xx |||||||||||||| ||und||
100 _aवा शि आपटे
245 _aकुसुममाला
250 _a2
260 _bशिराळकर आणि कं .
260 _c1946
300 _a168
365 _b9
999 _c953179
_d953176